Pagbasa at pagsusuri ng iba’t ibang teksto tungo sa pananaliksik : alinsunod sa pamantayang itinakda sa Filipino ng DepEd para sa senior high school / Dr. Mario H. Maranan, Sarah Jane Manalang-Crospero. (Record no. 21348)

000 -LEADER
fixed length control field 00724nam a22001697a 4500
020 ## - INTERNATIONAL STANDARD BOOK NUMBER
ISBN 9789719655497
082 ## - DEWEY DECIMAL CLASSIFICATION NUMBER
Classification number 499.211
Item number M3112p 2024
100 ## - MAIN ENTRY--AUTHOR NAME
Personal name Maranan, Mario H., author.
245 ## - TITLE STATEMENT
Title Pagbasa at pagsusuri ng iba’t ibang teksto tungo sa pananaliksik : alinsunod sa pamantayang itinakda sa Filipino ng DepEd para sa senior high school / Dr. Mario H. Maranan, Sarah Jane Manalang-Crospero.
260 ## - PUBLICATION, DISTRIBUTION, ETC. (IMPRINT)
Place of publication Manila :
Name of publisher Mindshapers Co., Inc.,
Year of publication ©2024.
300 ## - PHYSICAL DESCRIPTION
Number of Pages x, 255 pages ;
Other physical details 26 cm
500 ## - GENERAL NOTE
General note Includes bibliographical references.
650 ## - SUBJECT ADDED ENTRY--TOPICAL TERM
Topical Term Filipino language -- Study and teaching.
650 ## - SUBJECT ADDED ENTRY--TOPICAL TERM
Topical Term Academic writing – Study and teaching (Higher).
700 ## - ADDED ENTRY--PERSONAL NAME
Personal name Manalang-Crospero, Sarah Jane.
942 ## - ADDED ENTRY ELEMENTS (KOHA)
Koha item type Books
Holdings
Source of acquisition Permanent Location Date acquired Koha item type Collection code Accession Number Lost status Shelving location Withdrawn status Current Location Full call number
SchoolCagayan State University - Carig Library2025-09-05BooksLanguages011189 General Collection Cagayan State University - Carig Library499.211 M3112p 2024
SchoolCagayan State University - Carig Library2025-09-05BooksLanguages011190 General Collection Cagayan State University - Carig Library499.211 M3112p 2024
SchoolCagayan State University - Carig Library2025-09-05BooksLanguages011191 General Collection Cagayan State University - Carig Library499.211 M3112p 2024

Cagayan State University University Library, Carig Campus
Tuguegarao City, Cagayan 3500 | www.csucarig.edu.ph

Powered by Koha